000 01112cam a2200265 i 4500
003 SA-RiAUC
005 20251005113830.0
008 251002s1986 ku g 000r0 ara c
040 _aSA-RiKSU
_bara
_cSA-RiAUC
_erda
082 0 4 _a255.7
_qSA-RiAUC
090 _a255.7
_bا ب ن ا
100 1 _aابن أبي عاصم، أحمد بن عمرو بن أبي عاصم،
_d206-287 هجري
_eمؤلف.
245 1 0 _aكتاب الديات /
_cتأليف أحمد بن عمرو بن أبو عاصم الضحاك ؛ حققه وخرج أحاديثه عبد الله أحمد الحاشدي.
246 3 0 _aالديات
264 1 _aالكويت :
_bدار الأرقم،
_c1986
300 _a84 صفحة ؛
_c24 سم
336 _aنص
_btxt
_2rdacontent
_3كتاب
337 _aبدون وسيط
_bn
_2rdamedia
338 _aمجلد
_bnc
_2rdacarrier
650 7 _aالدية (فقه إسلامي)
_2aucsh
650 7 _aالعقوبات (فقه إسلامي)
_2aucsh
700 1 _aالحاشدي، عبد الله بن أحمد
_eمحقق.
942 _2ddc
_cBOOK
_n0
949 _aSA-JeALM
_d251002
_umohamedma123
_n1
999 _c12374
_d12374